ذيل مرآة الزمان : (رقم التسجيلة. 179527)

تفاصيل مارك
000 -LEADER
fixed length control field 01644namaa22003251i 4500
003 - CONTROL NUMBER IDENTIFIER
control field EG-GICUC
005 - DATE AND TIME OF LATEST TRANSACTION
control field 20260416131711.0
008 - FIXED-LENGTH DATA ELEMENTS--GENERAL INFORMATION
fixed length control field 260416s1992 ua ||||jr|||| 001 0 ara d
040 ## - CATALOGING SOURCE
Original cataloging agency EG-GiCUC
Language of cataloging ara
Transcribing agency EG-GiCUC
Modifying agency EG-GiCUC
Description conventions rda
082 04 - DEWEY DECIMAL CLASSIFICATION NUMBER
Edition number 21
Classification number 953.08
Item number Y956 1992
092 04 - LOCALLY ASSIGNED DEWEY CALL NUMBER (OCLC)
Edition number 21
Classification number 953.08
Item number Y956 1992
099 ## - LOCAL FREE-TEXT CALL NUMBER (OCLC)
Classification number 953.08 Y956 1992
100 1# - MAIN ENTRY--PERSONAL NAME
Personal name اليونينى، موسى بن محمد،
Dates associated with a name 1242 او 1243-1325 او 1326.
Relator term مؤلف.
245 10 - TITLE STATEMENT
Title ذيل مرآة الزمان :
Remainder of title من وقائع سنة 654 الى سنة 662 هجرية /
Statement of responsibility, etc. الشيخ قطب الدين موسى بن محمد لبيونينى.
250 ## - EDITION STATEMENT
Edition statement الطبعة التانية.
264 ## - PRODUCTION, PUBLICATION, DISTRIBUTION, MANUFACTURE, AND COPYRIGHT NOTICE
Place of production, publication, distribution, manufacture القاهرة :
Name of producer, publisher, distributor, manufacturer دار الكتاب الاسلامى،
Date of production, publication, distribution, manufacture, or copyright notice 1992.
300 ## - PHYSICAL DESCRIPTION
Extent 4مجلدات
Other physical details ؛
Dimensions 24 سم.
336 ## - CONTENT TYPE
Source rdacontent
Content type term text
337 ## - MEDIA TYPE
Source rdamedia
Media type term Unmediated
338 ## - CARRIER TYPE
Source rdacarrier
Carrier type term volume
500 ## - GENERAL NOTE
General note صحح عن النسختين القديمتين المحفوظين فى اكسفورد واستانبول بعناية وزارة التحقيقات الحكمية و الامور الثقافية للحكومة الهندية
504 ## - BIBLIOGRAPHY, ETC. NOTE
Bibliography, etc. note يشتمل على ارجاعات ببلوجرافية وكشافات.
541 ## - IMMEDIATE SOURCE OF ACQUISITION NOTE
Source of acquisition د . جابر عصفور ؛
Address القاهرة ؛
Method of acquisition إهداء ؛
Date of acquisition 2024.
650 17 - SUBJECT ADDED ENTRY--TOPICAL TERM
Topical term or geographic name entry element التاريخ الاسلامى
Form subdivision الاعمال الاولية حتى 1800
Source of heading or term qrmak
650 17 - SUBJECT ADDED ENTRY--TOPICAL TERM
Topical term or geographic name entry element المماليك
Form subdivision الاعمال الاولية حتى 1800
Source of heading or term qrmak
651 1# - SUBJECT ADDED ENTRY--GEOGRAPHIC NAME
Source of heading or term qrmak
710 10 - ADDED ENTRY--CORPORATE NAME
Corporate name or jurisdiction name as entry element وزارة التحقيقات الحكمية و الامور الثقافية
905 ## - Cataloger and Reviser Names
Cataloger Name Noha
942 ## - ADDED ENTRY ELEMENTS (KOHA)
Source of classification or shelving scheme Dewey Decimal Classification
Koha item type Reference
Edition 21
Suppress in OPAC No
المقتنيات
Withdrawn status Lost status Source of classification or shelving scheme Damaged status Not for loan Home library Current library Date acquired Inventory number Total checkouts Full call number Barcode Date last seen Price effective from Koha item type
    Dewey Decimal Classification   Not for loan المكتبة المركزبة الجديدة - جامعة القاهرة قاعة المكتبات المهداة - الدور الرابع 16.04.2026 175265   953.08 Y956 1992 v.1 J.U. 01000100175265001 16.04.2026 16.04.2026 Reference
    Dewey Decimal Classification   Not for loan المكتبة المركزبة الجديدة - جامعة القاهرة قاعة المكتبات المهداة - الدور الرابع 16.04.2026 175265   953.08 Y956 1992 v.2 J.U. 01000100175265002 16.04.2026 16.04.2026 Reference
    Dewey Decimal Classification   Not for loan المكتبة المركزبة الجديدة - جامعة القاهرة قاعة المكتبات المهداة - الدور الرابع 16.04.2026 175265   953.08 Y956 1992 v.3 J.U. 01000100175265003 16.04.2026 16.04.2026 Reference
    Dewey Decimal Classification   Not for loan المكتبة المركزبة الجديدة - جامعة القاهرة قاعة المكتبات المهداة - الدور الرابع 16.04.2026 175265   953.08 Y956 1992 v.4 J.U. 01000100175265004 16.04.2026 16.04.2026 Reference
Cairo University Libraries Portal Implemented & Customized by: Eng. M. Mohamady Contacts: new-lib@cl.cu.edu.eg | cnul@cl.cu.edu.eg
CUCL logo CNUL logo
© All rights reserved — Cairo University Libraries
CUCL logo
Implemented & Customized by: Eng. M. Mohamady Contact: new-lib@cl.cu.edu.eg © All rights reserved — New Central Library
CNUL logo
Implemented & Customized by: Eng. M. Mohamady Contact: cnul@cl.cu.edu.eg © All rights reserved — Cairo National University Library